000 00404nam a2200157Ia 4500
008 240729s9999 xx 000 0 und d
022 _a2223-7704
245 0 _aFriction
260 _aChina
260 _bSpringerOpen
650 _a Mechanical engineering and machinery
650 _aTechnology
856 _uhttps://doaj.org/toc/b7950a9119194890abe8d394ff07e93f
942 _2ddc
942 _cDOAJEJ
999 _c70287
_d70287
945 _a1
_bMadushi Gamage
_c1
_dMadushi Gamage